| 000 | 00760nam a22002057a 4500 | ||
|---|---|---|---|
| 999 |
_c14905 _d14905 |
||
| 003 | AR-CdUCM | ||
| 008 | 190425b ||||| |||| 00| 0 spa d | ||
| 020 | _a978-9974-679-09-2 | ||
| 040 |
_aMUNICIPALIDAD PROVINCIAL DEL CUSCO _cBIBLIOTECA MUNICIPAL DEL CUSCO |
||
| 082 |
_aEP / 803 / _bE71 |
||
| 100 |
_aErbiti, Alejandra _933847 |
||
| 245 |
_aMitos y leyendas del mundo : _bPrimeros dioses y luego humanos, El secreto de los tiempos., El origen de Japón, Antílope intrépido / |
||
| 260 |
_aUruguay : _bLatinbooks internacional S.A, _c2010. |
||
| 300 |
_a62 paginas ; _bIlustraciones, _c24 cm. |
||
| 650 |
_aLiteratura infantil _9588 |
||
| 650 |
_aCuento _94671 |
||
| 700 |
_aAna Laura Saucedo _933848 |
||
| 942 |
_2ddc _cLIBROS |
||
| 945 |
_arjall _d2019-04-25 |
||